000 00761 a2200217 4500
020 _a1580537758
040 _aDLC
_bDLC
082 0 0 _a621.384/12
245 0 0 _aFundamentals of nonlinear behavioral modeling for RF and microwave design
_cJohn Wood, David E. Root, editors
260 _aBoston :
_bArtech House,
_cc2005.
300 _axii, 221 p. :
_bill. ;
_c24 cm.
440 0 _aArtech House microwave library
650 0 _aRadio circuits
_xDesign and construction.
650 0 _aRadio circuits
_xMathematical models.
650 0 _aMicrowave circuits
_xDesign and construction.
650 0 _aMicrowave circuits
_xMathematical models.
650 0 _aNonlinear theories.
700 1 _aWood, John.
700 1 _aRoot, David E.
942 _cBK
_k621.38412 WOO
_2ddc
999 _c8359
_d8359